000 01247pam a2200301 a 4500
001 3415987
003 ARRUPE
005 20220404083827.0
008 900309s1991 nyua b 001 0 eng
010 _a 90033686
020 _a0070575401 :
_c$45.95
040 _aDLC
_cDLC
_dDLC
050 0 0 _aQA372
_b.S49 1991
082 0 0 _a515/.35
_220
100 1 _aSimmons, George Finlay,
_d1925-
_913786
245 1 0 _aDifferential equations, with applications and historical notes /
_cGeorge F. Simmons, with a new chapter on numerical methods by John S. Robertson.
250 _a2nd ed.
260 _aNew York :
_bMcGraw-Hill,
_cc1991.
300 _axxi, 629 p. :
_bill. ;
_c24 cm.
440 0 _aInternational series in pure and applied mathematics
_913789
504 _aIncludes bibliographical references and index.
650 0 _aDifferential equations.
_951148
856 4 2 _3Publisher description
_uhttp://www.loc.gov/catdir/description/mh022/90033686.html
856 4 1 _3Table of contents
_uhttp://www.loc.gov/catdir/toc/mh021/90033686.html
906 _a7
_bcbc
_corignew
_d1
_eocip
_f19
_gy-gencatlg
942 _2lcc
_cMONOGRAPH
999 _c131211
_d131211